000 00289nam a2200121Ia 4500
008 240731s9999 xx 000 0 und d
022 _a1939-2214
245 0 _aAfrican Security
260 _bRoutledge
856 _uhttps://www.tandfonline.com/loi/uafs20
942 _2ddc
942 _cTFEJ
999 _c75216
_d75216
945 _a1
_bMadushi Gamage
_c1
_dMadushi Gamage